000 00681nam a2200193 i 4500
001 127152
003 ES-MaACL
005 20240426063034.0
007 t|
008 070214s1910 mx r ||||1| spa d
100 1 _aReyes, Rodolfo,
_d1878-1954
_996574
245 1 0 _aEn honor de Rafael Altamira
_b: discurso de recepción /
_cRodolfo Reyes.
260 _aMéxico :
_b[s.n.],
_c1910.
500 _aPrecede al Tit : Academia Central Mexicana de Jurisprudencia y Legislación.
600 1 4 _aAltamira, Rafael,
_d1866-1951
_920515
710 2 _aAcademia Central Mexicana de Jurisprudencia y Legislación.
_91150
852 _aES-MaACL
_j1561-F-7
999 _c127152
_d127152